| 000 | 003060000a22000970004500 | ||
|---|---|---|---|
| 100 | 1 | _aFriesen, Steven J. | |
| 245 | 1 | 0 | _aPoverty in pauline studies : Beyond the so-called new consensus |
| 300 | _aVol. 26, Núm 3 (2004), Páginas 323-361 | ||
| 773 | 0 | _tJournal for the Study of the New Testament | |
| 942 | _cANA | ||
| 999 |
_c55452 _d55452 |
||